Gobernanza de las redes de conocimiento: Contrastación de un modelo para el estudio de la formación consensuada (Record no. 199833)
[ view plain ]
| 000 -CABECERA | |
|---|---|
| campo de control de longitud fija | 02019nab a2200289 a 4500 |
| 005 - FECHA Y HORA DE LA ÚLTIMA TRANSACCIÓN | |
| campo de control | 20250411063840.0 |
| 008 - ELEMENTOS DE LONGITUD FIJA--INFORMACIÓN GENERAL | |
| campo de control de longitud fija | 991125c2019 mx fr p o 000 0 spa d |
| 035 ## - NÚMERO DE CONTROL DEL SISTEMA | |
| Número de control de sistema | UPN01000227738 |
| 040 ## - FUENTE DE LA CATALOGACIÓN | |
| Centro catalogador/agencia de origen | UPN |
| Lengua de catalogación | spa |
| Centro/agencia transcriptor | UPN |
| Normas de descripción | aacr2 |
| 049 ## - COLECCIÓN | |
| Colección | ART-E |
| 100 1# - ASIENTO PRINCIPAL--NOMBRE PERSONAL | |
| Nombre de persona | Aguilar Fuentes, José Alfonso |
| Enlace | - jaaguilarf@uaemex.mx |
| 100 1# - ASIENTO PRINCIPAL--NOMBRE PERSONAL | |
| Nombre de persona | Pérez Ortega, Minerva Isabel |
| 100 1# - ASIENTO PRINCIPAL--NOMBRE PERSONAL | |
| Nombre de persona | Pérez Crisanto, Gabriel |
| 100 1# - ASIENTO PRINCIPAL--NOMBRE PERSONAL | |
| Nombre de persona | Morales Flores, María de Lourdes |
| 100 1# - ASIENTO PRINCIPAL--NOMBRE PERSONAL | |
| Nombre de persona | García Lirios, Cruz |
| 245 10 - MENCIÓN DE TÍTULO | |
| Título | Gobernanza de las redes de conocimiento: Contrastación de un modelo para el estudio de la formación consensuada |
| Medio | [recurso electrónico en línea] |
| 506 0# - NOTA DE RESTRICCIONES AL ACCESO | |
| Limitaciones de acceso | Acceso abierto |
| 520 3# - NOTA DE RESUMEN, ETC. | |
| Sumario, etc. | Las redes de conocimiento, entendidas como alianzas estratégicas entre universidad y empresas con respecto a prácticas e inserción laboral, suponen un grado de corresponsabilidad que los actores distinguen como formación con benefcios esperados y formación con orientación de expertos. El presente estudio no experimental se propuso explorar ambas dimensiones de la formación profesional en una selección no probabilística de 258 estudiantes de una universidad pública. A partir de un modelo estructural [χ2 = 135,25 (25gl) p = 0,002; GFI = 0,990; CFI = 0,995; RMSEA = 0,001] se aceptó la hipótesis de las relaciones teóricas entre los factores e indicadores con respecto a los resultados obtenidos. Se advierten líneas de investigación relativas a la evaluación, acreditación y certifcación de los procesos con base en la negociación, la mediación, la conciliación y el arbitraje entre las organizaciones aliadas. |
| 650 #2 - ASIENTO SECUNDARIO DE MATERIA - TERMINO TEMATICO | |
| 9 (RLIN) | 26257 |
| Término de materia o nombre geográfico como elemento de entrada | Redes de conocimiento |
| 650 #4 - ASIENTO SECUNDARIO DE MATERIA - TERMINO TEMATICO | |
| Término de materia o nombre geográfico como elemento de entrada | Formación profesional |
| 9 (RLIN) | 9108 |
| 653 0# - TERMINO DE INDIZACION - NO CONTROLADO | |
| Término no controlado | Gobernanza |
| 653 0# - TERMINO DE INDIZACION - NO CONTROLADO | |
| Término no controlado | Validez |
| 773 ## - ENLACE AL DOCUMENTO FUENTE/ENTRADA DE REGISTRO ANFITRIÓN | |
| Parte(s) relacionada(s) | No. 40 (2019), p. 24-50 |
| Título | Alternativas en psicología |
| Número Internacional Normalizado para Publicaciones Seriadas | 2007-5251 |
| 856 4# - LOCALIZACIÓN Y ACCESO ELECTRÓNICOS | |
| Identificador Uniforme del Recurso | <a href="http://www.alternativas.me/attachments/article/178/2%20-%20Gobernanza%20de%20las%20redes%20de%20conocimiento.pdf">http://www.alternativas.me/attachments/article/178/2%20-%20Gobernanza%20de%20las%20redes%20de%20conocimiento.pdf</a> |
| 905 ## - TIPO DE MATERIAL | |
| Tipo de material | Articulo |
| 942 ## - ELEMENTOS DE PUNTO DE ACCESO ADICIONAL (KOHA) | |
| Tipo de ítem Koha | Artículo Electrónico |
| Estado de retiro | Estado de pérdida | Estado dañado | No para préstamo | Código de colección | Localización permanente | Ubicación/localización actual | Ubicación en estantería | Fecha de adquisición | Total de préstamos | Fecha visto por última vez | Identificador Uniforme del Recurso | Precio válido a partir de | Tipo de ítem Koha |
|---|---|---|---|---|---|---|---|---|---|---|---|---|---|
| Acceso abierto | Bib. Gregorio Torres Quintero | Bib. Gregorio Torres Quintero | En línea | 21/09/2023 | 21/09/2023 | https://www.alternativas.me/attachments/article/178/2%20-%20Gobernanza%20de%20las%20redes%20de%20conocimiento.pdf | 21/09/2023 | Artículo Electrónico |
